000 003440000a22001570004500
003 MACL
040 _aMACL
090 _c33865
_d33863
100 _aStevens
245 _aTeach Your Self C++
260 _bBPB Publications
_c1995
350 _a150
650 _aComputer probraming
942 _cBOOK
_k005.133/Ste
951 _o005.133/Ste BOOK
999 _c33510
_d33510